Countries in Europe - Sudden death - Statistics

General Stats
  • This quiz has been taken 104 times
  • The average score is 14 of 18
Answers on the Grid
Answers color-coded by a green-red scale on the quiz's grid according to % correct below.
France
Jordan
Kuwait
Monaco
Spain
Haiti
Libya
Comoros
Switzerland
Italy
Iraq
Malta
Greece
Turkey
Georgia
North Macedonia
United Kingdom
Ireland
Armenia
Norway
Sweden
Finland
Syria
Lebanon
Taiwan
Serbia
Montenegro
Suriname
Guyana
Palau
Slovenia
Denmark
Japan
Kosovo
 
Answer Stats
Answer % Correct
France
99%
Spain
94%
Switzerland
93%
Italy
90%
Monaco
90%
Greece
89%
Malta
84%
North Macedonia
70%
United Kingdom
69%
Ireland
67%
Denmark
66%
Finland
66%
Slovenia
66%
Sweden
66%
Kosovo
64%
Montenegro
64%
Norway
64%
Serbia
64%
No matching quizzes found
Score Distribution
Percent of People with Each Score
Percentile by Number Answered
Your Score History
You have not taken this quiz